[Event "26. Copenhagen Open  (Politiken Cup)"]
[Site "Taastrup"]
[Date "2004.07.27"]
[Round "5"]
[White "Sandbech, Ted"]
[Black "Bronnum, Jan"]
[Result "0-1"]
[WhiteElo "1839"]
[BlackElo "2202"]
[PlyCount "52"]
[EventDate "2004.07.24"]
[EventType "swiss"]
[EventRounds "10"]
[EventCountry "DEN"]
[SourceDate "2004.01.01"]

1. Nf3 Nf6 2. d4 d5 3. c4 e6 4. Nc3 Bb4 5. Bd2 O-O 6. e3 Nbd7 7. cxd5 exd5 8.
Be2 c6 9. O-O Re8 10. Rc1 Bd6 11. Re1 Ne4 12. g3 Ndf6 13. Nxe4 Nxe4 14. Nh4 Bh3
15. Bf1 Qd7 16. Bc3 Bxf1 17. Rxf1 g5 18. Ng2 Qh3 19. Qf3 Re6 20. Ne1 g4 21. Qg2
Qh5 22. Nd3 Ng5 23. Nf4 Bxf4 24. exf4 Nf3+ 25. Kh1 Rh6 26. h4 gxh3 0-1

[Event "26. Copenhagen Open  (Politiken Cup)"]
[Site "Taastrup"]
[Date "2004.07.27"]
[Round "5"]
[White "Scherwin, Claes"]
[Black "Larsen, Alex"]
[Result "1-0"]
[WhiteElo "1444"]
[BlackElo "1182"]
[PlyCount "21"]
[EventDate "2004.07.24"]
[EventType "swiss"]
[EventRounds "10"]
[EventCountry "DEN"]
[SourceDate "2004.01.01"]

1. e4 c5 2. Nf3 Nc6 3. d4 cxd4 4. Nxd4 g6 5. Nc3 Bg7 6. Be3 e6 7. Nxc6 bxc6 8.
Bd4 e5 9. Bc5 Ne7 10. Qd6 Bf6 11. Qxf6 1-0

[Event "26. Copenhagen Open  (Politiken Cup)"]
[Site "Taastrup"]
[Date "2004.07.27"]
[Round "5"]
[White "Schmidt, Horst Hubert"]
[Black "Larsen, Allan"]
[Result "1-0"]
[WhiteElo "1878"]
[BlackElo "2158"]
[PlyCount "63"]
[EventDate "2004.07.24"]
[EventType "swiss"]
[EventRounds "10"]
[EventCountry "DEN"]
[SourceDate "2004.01.01"]

1. d4 d5 2. Nf3 Nf6 3. e3 c5 4. Be2 Nc6 5. O-O Bf5 6. a3 e6 7. c4 Bd6 8. Nc3
O-O 9. cxd5 exd5 10. dxc5 Bxc5 11. b4 Bb6 12. Qb3 h6 13. Rd1 Be6 14. Bb2 Qe7
15. Qc2 Rac8 16. Rac1 Rfd8 17. Qb1 Bc7 18. Nb5 Bb8 19. Nbd4 Bg4 20. Nxc6 bxc6
21. Bxf6 Qxf6 22. Nd4 Bxe2 23. Nxe2 Re8 24. Nd4 g6 25. b5 Re4 26. Rxc6 Rxc6 27.
bxc6 Be5 28. Qb7 Rh4 29. Nf3 Rg4 30. Nxe5 Qxe5 31. Qc8+ Kg7 32. Qxg4 1-0

[Event "26. Copenhagen Open  (Politiken Cup)"]
[Site "Taastrup"]
[Date "2004.07.27"]
[Round "5"]
[White "Skjoldan, Benjamin"]
[Black "Pedersen, Thomas"]
[Result "1-0"]
[WhiteElo "2080"]
[BlackElo "1712"]
[PlyCount "79"]
[EventDate "2004.07.24"]
[EventType "swiss"]
[EventRounds "10"]
[EventCountry "DEN"]
[SourceDate "2004.01.01"]

1. c4 Nf6 2. Nc3 e6 3. g3 d5 4. cxd5 exd5 5. Bg2 Be7 6. Nf3 O-O 7. O-O d4 8.
Nb5 d3 9. e3 Na6 10. b3 c6 11. Na3 Bg4 12. h3 Bh5 13. Bb2 Re8 14. Qb1 Ne4 15.
Nc4 Nb4 16. Nd4 Bf6 17. a3 Bxd4 18. axb4 Bxb2 19. Qxb2 Qe7 20. Bxe4 Qxe4 21.
Nd6 Qf3 22. Nxe8 Rxe8 23. Rxa7 Bg6 24. Qe5 f6 25. Qf4 Be4 26. Qxf3 Bxf3 27.
Rfa1 b5 28. Rd7 Bd5 29. Raa7 g5 30. Rg7+ Kf8 31. Rxh7 Kg8 32. Rag7+ Kf8 33.
Rh8+ Kxg7 34. Rxe8 Kf7 35. Rd8 Ke6 36. f4 Kf5 37. Kf2 Be4 38. g4+ Kg6 39. f5+
Kf7 40. Rd4 1-0

[Event "26. Copenhagen Open  (Politiken Cup)"]
[Site "Taastrup"]
[Date "2004.07.27"]
[Round "5"]
[White "Skovgaard, Tom"]
[Black "Overmark, Ole"]
[Result "1-0"]
[WhiteElo "2079"]
[BlackElo "1653"]
[PlyCount "135"]
[EventDate "2004.07.24"]
[EventType "swiss"]
[EventRounds "10"]
[EventCountry "DEN"]
[SourceDate "2004.01.01"]

1. e4 e6 2. d4 d5 3. Nd2 c5 4. Ngf3 Nc6 5. exd5 exd5 6. Bb5 Bd6 7. dxc5 Bxc5 8.
Qe2+ Qe7 9. Ne5 Bd7 10. Nxd7 Kxd7 11. O-O Qxe2 12. Bxe2 Nf6 13. Nb3 Bb6 14. Bf4
Rhd8 15. Rad1 Ke7 16. Bg5 h6 17. Bxf6+ Kxf6 18. Bf3 d4 19. a4 a6 20. Rd2 Rab8
21. Rfd1 Ne5 22. Be2 Nc6 23. g3 g6 24. Kg2 Rbc8 25. Bf3 Nb4 26. Bxb7 Rxc2 27.
Rxc2 Nxc2 28. Bxa6 Nb4 29. Bb5 d3 30. a5 Ba7 31. Rd2 g5 32. Nc1 Rd5 33. Bxd3
Nxd3 34. Rxd3 Rxa5 35. Rd6+ Kg7 36. Nd3 Rb5 37. Kf3 Bb8 38. Rd7 Kg6 39. h3 h5
40. b4 f5 41. Rd8 Kf6 42. h4 g4+ 43. Ke2 Rb7 44. Ke3 Bc7 45. Rh8 Kg6 46. Rc8
Bb8 47. Rc6+ Kg7 48. Rc4 Kf6 49. Nf4 Re7+ 50. Kd2 Bxf4+ 51. Rxf4 Rc7 52. Kd3
Ke5 53. Rc4 Rd7+ 54. Kc3 Rd1 55. Rf4 Rc1+ 56. Kb3 Rc8 57. b5 Rd8 58. Kb4 Ra8
59. Kc5 Rc8+ 60. Kb6 Rc2 61. Kb7 Rb2 62. b6 Rb3 63. Kc7 Rc3+ 64. Kb8 Rb3 65. b7
Ke6 66. Kc7 Rc3+ 67. Kb6 Rb3+ 68. Kc6 1-0

[Event "26. Copenhagen Open  (Politiken Cup)"]
[Site "Taastrup"]
[Date "2004.07.27"]
[Round "5"]
[White "Soupizon, Remi"]
[Black "Kallenbach, Uffe"]
[Result "0-1"]
[WhiteElo "2003"]
[BlackElo "1445"]
[PlyCount "92"]
[EventDate "2004.07.24"]
[EventType "swiss"]
[EventRounds "10"]
[EventCountry "DEN"]
[SourceDate "2004.01.01"]

1. e4 c5 2. Nc3 d6 3. f4 Nc6 4. Nf3 g6 5. Bc4 Bg7 6. d3 e5 7. O-O Nge7 8. Qe1
O-O 9. f5 gxf5 10. Bg5 f4 11. Qh4 Qd7 12. h3 Ng6 13. Qh5 Kh8 14. Nd5 f6 15. Nh4
Nxh4 16. Bxh4 Ne7 17. g4 Nxd5 18. Bxd5 Qe8 19. Qxe8 Rxe8 20. a4 Rb8 21. a5 Be6
22. Bxe6 Rxe6 23. c4 Re7 24. b4 b5 25. bxc5 dxc5 26. a6 b4 27. Ra5 Rc7 28. Rfa1
Rc6 29. g5 fxg5 30. Bxg5 Rg6 31. Rxc5 Rxg5+ 32. Kf2 Rg6 33. Rc7 Ra8 34. c5 Bf6
35. Rg1 Bh4+ 36. Kf1 Rxa6 37. Rgg7 Rh6 38. Rgd7 Bd8 39. Rb7 a5 40. c6 Rxc6 41.
Rxh7+ Kg8 42. Rbg7+ Kf8 43. Rf7+ Ke8 44. Rfg7 Rf6 45. Rb7 Raa6 46. Rh5 Rae6 0-1

[Event "26. Copenhagen Open  (Politiken Cup)"]
[Site "Taastrup"]
[Date "2004.07.27"]
[Round "5"]
[White "Svanholm, Borge Waaktaar"]
[Black "Schou Moldt, Thomas"]
[Result "0-1"]
[WhiteElo "2052"]
[BlackElo "2248"]
[PlyCount "182"]
[EventDate "2004.07.24"]
[EventType "swiss"]
[EventRounds "10"]
[EventCountry "DEN"]
[SourceDate "2004.01.01"]

1. c4 Nf6 2. g3 g6 3. Bg2 Bg7 4. Nc3 d6 5. Nf3 O-O 6. O-O e5 7. d3 Nc6 8. Rb1
a5 9. a3 h6 10. b4 axb4 11. axb4 Be6 12. b5 Ne7 13. Bb2 Qc8 14. Re1 Bh3 15. Bh1
Qe6 16. Qc2 Rab8 17. Nd2 Kh7 18. Ra1 c6 19. e3 d5 20. bxc6 bxc6 21. Ra7 Rfc8
22. Ba3 Nf5 23. Ne2 Nd6 24. Bb2 Ng4 25. Bg2 Bxg2 26. Kxg2 Qf5 27. Rf1 Rxb2 28.
Qxb2 Qxd3 29. Nc1 Qf5 30. h3 Nf6 31. c5 Nde4 32. Ne2 Nxc5 33. Rxf7 Qe6 34. Ra7
Rf8 35. Qb6 Nfd7 36. Qc7 Qf5 37. Nb3 Qf3+ 38. Kg1 Nxb3 39. Qxd7 Rg8 40. Nc1 Nd2
41. Re1 Qe4 42. Qxc6 Nf3+ 43. Kf1 Nxe1 44. Kxe1 Qb4+ 45. Kf1 Qd2 46. Qc7 e4 47.
Na2 d4 48. Qc1 Qxc1+ 49. Nxc1 d3 50. Nb3 Rd8 51. Nd2 Kg8 52. Nxe4 d2 53. Nxd2
Rxd2 54. Kg2 Rc2 55. Kf3 Be5 56. Re7 Bf6 57. Rd7 Kf8 58. h4 Be7 59. Rd1 Kf7 60.
Rf1 Ke6 61. Ke4 Ra2 62. f4 Rg2 63. Kf3 Rh2 64. Ra1 Rb2 65. Ra6+ Kf7 66. Ke4 Rb5
67. Rc6 Ra5 68. Kf3 h5 69. Ke4 Ra1 70. Rc7 Ra4+ 71. Kf3 Ra3 72. Rc6 Bb4 73. Rc2
Ba5 74. Re2 Ke6 75. Ke4 Bb6 76. Re1 Ra4+ 77. Kf3 Ba5 78. Rd1 Bb4 79. Rd4 Kf6
80. Ke4 Ke6 81. Rc4 Kd6 82. Rd4+ Kc6 83. Kf3 Kc5 84. Rd1 Ra6 85. Re1 Bd2 86. g4
hxg4+ 87. Kxg4 Ra3 88. e4 Bxe1 89. h5 Rg3+ 90. Kh4 Rg1+ 91. Kh3 gxh5 0-1

[Event "26. Copenhagen Open  (Politiken Cup)"]
[Site "Taastrup"]
[Date "2004.07.27"]
[Round "5"]
[White "Tandrup, Michael"]
[Black "Rossen, Claus"]
[Result "0-1"]
[WhiteElo "1955"]
[BlackElo "2168"]
[PlyCount "30"]
[EventDate "2004.07.24"]
[EventType "swiss"]
[EventRounds "10"]
[EventCountry "DEN"]
[SourceDate "2004.01.01"]

1. d4 Nf6 2. c4 g6 3. Nc3 d5 4. Bg5 Bg7 5. e3 Ne4 6. Nxe4 dxe4 7. Ne2 c5 8. Bf4
Nc6 9. Qd2 cxd4 10. exd4 Nxd4 11. Rd1 Nc6 12. Qc2 Qa5+ 13. Nc3 Nb4 14. Qd2 Bg4
15. Nd5 Nc2# 0-1

[Event "26. Copenhagen Open  (Politiken Cup)"]
[Site "Taastrup"]
[Date "2004.07.27"]
[Round "5"]
[White "Taylor, Phil"]
[Black "Bjarnason, Saevar"]
[Result "1/2-1/2"]
[WhiteElo "2075"]
[BlackElo "2318"]
[PlyCount "117"]
[EventDate "2004.07.24"]
[EventType "swiss"]
[EventRounds "10"]
[EventCountry "DEN"]
[SourceDate "2004.01.01"]

1. e4 c5 2. Nf3 e6 3. d4 cxd4 4. Nxd4 Nf6 5. Nc3 d6 6. Be2 Be7 7. O-O O-O 8. f4
a6 9. a4 Nc6 10. Be3 Qc7 11. Kh1 Re8 12. Bd3 Nxd4 13. Bxd4 e5 14. Be3 exf4 15.
Bxf4 Be6 16. Nd5 Bxd5 17. exd5 Nd7 18. Qg4 Bf6 19. Rf3 Nf8 20. Raf1 Bxb2 21. c3
Bxc3 22. Rc1 Re1+ 23. Rf1 Rxf1+ 24. Bxf1 b5 25. axb5 axb5 26. Bxb5 Ra1 27. Qd1
Rxc1 28. Qxc1 Qc5 29. Bc6 Bb4 30. Qxc5 Bxc5 31. g3 f6 32. Kg2 Kf7 33. Kf3 Ke7
34. Ke4 Bg1 35. h3 Bc5 36. g4 Ba3 37. Ba4 Bb2 38. Bb5 Be5 39. Be3 Ng6 40. Bd3
Kf7 41. Be2 Ne7 42. Bb5 g6 43. Bd7 h5 44. Bb6 hxg4 45. hxg4 Ng8 46. Be6+ Kg7
47. Be3 Bh2 48. Bd2 Ne7 49. Be3 Bg3 50. Bd2 Be5 51. Be3 Kf8 52. Bd2 Kg7 53. Be3
Ng8 54. Bd2 f5+ 55. gxf5 Nf6+ 56. Kd3 gxf5 57. Bxf5 Nxd5 58. Be4 Nf6 59. Bf3
1/2-1/2

[Event "26. Copenhagen Open  (Politiken Cup)"]
[Site "Taastrup"]
[Date "2004.07.27"]
[Round "5"]
[White "Thestrup, Sixten"]
[Black "Jensen, Paul Johan"]
[Result "1-0"]
[WhiteElo "1917"]
[BlackElo "1358"]
[PlyCount "95"]
[EventDate "2004.07.24"]
[EventType "swiss"]
[EventRounds "10"]
[EventCountry "DEN"]
[SourceDate "2004.01.01"]

1. e4 d5 2. exd5 Qxd5 3. Nc3 Qa5 4. d4 Nf6 5. Bc4 c6 6. Nge2 Bf5 7. O-O e6 8.
Ng3 Bg6 9. f4 Bf5 10. Bd2 Bb4 11. a3 Bxc3 12. Bxc3 Qc7 13. Nxf5 exf5 14. Bd3
Ne4 15. Qf3 Nxc3 16. bxc3 g6 17. Rfe1+ Kf8 18. Qe3 Nd7 19. Qe7+ Kg7 20. Bc4
Rhf8 21. Be6 Rad8 22. Rad1 Kg8 23. Bb3 Qxf4 24. Bxf7+ Kh8 25. Rd3 Qh6 26. Rh3
Qg7 27. Bb3 Rde8 28. Qxe8 Rxe8 29. Rxe8+ Nf8 30. Rhe3 Qh6 31. Kf2 Qf4+ 32. Ke1
Kg7 33. R3e7+ Kh6 34. g3 Qd6 35. Rf7 Nd7 36. Rd8 Qxa3 37. Rdxd7 Qc1+ 38. Ke2
Kg5 39. Rxh7 f4 40. gxf4+ Qxf4 41. Rxb7 Qe4+ 42. Kd2 Qf4+ 43. Kd1 Qf1+ 44. Kd2
Qf4+ 45. Ke1 Qe4+ 46. Kd1 Qh1+ 47. Kd2 Qg2+ 48. Kc1 1-0

[Event "26. Copenhagen Open  (Politiken Cup)"]
[Site "Taastrup"]
[Date "2004.07.27"]
[Round "5"]
[White "Thomassen, Thomas"]
[Black "Tidman, Sophie E"]
[Result "1-0"]
[WhiteElo "1860"]
[BlackElo "2133"]
[PlyCount "49"]
[EventDate "2004.07.24"]
[EventType "swiss"]
[EventRounds "10"]
[EventCountry "DEN"]
[SourceDate "2004.01.01"]

1. Nf3 Nf6 2. c4 c5 3. Nc3 Nc6 4. g3 d5 5. cxd5 Nxd5 6. Bg2 Nc7 7. O-O e5 8. d3
Be7 9. Nd2 Bd7 10. Nc4 O-O 11. Bxc6 Bxc6 12. Nxe5 Be8 13. Be3 f6 14. Nf3 Bc6
15. Nd2 b6 16. f4 Qe8 17. f5 Qh5 18. Bf4 Ne8 19. Qb3+ Kh8 20. Qe6 Nd6 21. Bxd6
Bxd6 22. Qxd6 Bb7 23. Qf4 Qh3 24. Rf2 Qh5 25. Nde4 1-0

[Event "26. Copenhagen Open  (Politiken Cup)"]
[Site "Taastrup"]
[Date "2004.07.27"]
[Round "5"]
[White "Thomsen, Peter"]
[Black "Schonberg, Pauli"]
[Result "1-0"]
[WhiteElo "1631"]
[BlackElo "1421"]
[PlyCount "55"]
[EventDate "2004.07.24"]
[EventType "swiss"]
[EventRounds "10"]
[EventCountry "DEN"]
[SourceDate "2004.01.01"]

1. e4 b6 2. d4 Bb7 3. Bd3 Nf6 4. Nd2 e6 5. f4 Bb4 6. c3 Be7 7. Ne2 Ba6 8. c4
Nc6 9. a3 h6 10. b4 Bb7 11. d5 Nb8 12. Ng3 Nh7 13. Nf3 Bf6 14. e5 Bh4 15. Nxh4
Qxh4 16. O-O Qe7 17. Nh5 f5 18. exf6 Nxf6 19. Nxf6+ Qxf6 20. Rb1 O-O 21. Bb2
Qf7 22. Qg4 exd5 23. f5 Nc6 24. cxd5 Nd8 25. Bc4 d6 26. Rbe1 Bc8 27. Qg3 Kh8
28. f6 1-0

[Event "26. Copenhagen Open  (Politiken Cup)"]
[Site "Taastrup"]
[Date "2004.07.27"]
[Round "5"]
[White "Trygstad, Kristian"]
[Black "Nielsen, Steffen"]
[Result "1-0"]
[WhiteElo "2265"]
[BlackElo "2124"]
[PlyCount "67"]
[EventDate "2004.07.24"]
[EventType "swiss"]
[EventRounds "10"]
[EventCountry "DEN"]
[SourceDate "2004.01.01"]

1. e4 e5 2. Nf3 Nc6 3. Bb5 a6 4. Ba4 Nf6 5. d3 b5 6. Bb3 Be7 7. O-O O-O 8. a4
Rb8 9. Re1 d6 10. h3 Nd7 11. c3 Na5 12. Bc2 c5 13. axb5 axb5 14. d4 b4 15. d5
b3 16. Bd3 c4 17. Bf1 f5 18. exf5 Nc5 19. Be3 Bxf5 20. Bxc5 dxc5 21. Nxe5 Bd6
22. Nd2 Qf6 23. Ndf3 Bc7 24. d6 Bb6 25. Nxc4 Nxc4 26. Bxc4+ Kh8 27. Qd5 Bxh3
28. gxh3 Qxf3 29. Qxf3 Rxf3 30. Ra6 Rff8 31. d7 Bd8 32. Re8 Bh4 33. Rxb8 Rxb8
34. Re6 1-0

[Event "26. Copenhagen Open  (Politiken Cup)"]
[Site "Taastrup"]
[Date "2004.07.27"]
[Round "5"]
[White "Trarup, Jorgen"]
[Black "Taksrud, Vidar"]
[Result "0-1"]
[WhiteElo "1378"]
[BlackElo "1954"]
[PlyCount "80"]
[EventDate "2004.07.24"]
[EventType "swiss"]
[EventRounds "10"]
[EventCountry "DEN"]
[SourceDate "2004.01.01"]

1. e4 c5 2. Nf3 e6 3. d4 cxd4 4. Nxd4 Nc6 5. c3 Nf6 6. Bd3 d5 7. Nxc6 bxc6 8.
Qe2 dxe4 9. Bxe4 Nxe4 10. Qxe4 Qd5 11. Qxd5 cxd5 12. O-O a5 13. a3 a4 14. Nd2
Rb8 15. Rb1 Ba6 16. Re1 Bd3 17. Ra1 Bd6 18. Nf3 Be4 19. Nd4 Ke7 20. Re2 Rhc8
21. Nc2 Bxc2 22. Rxc2 d4 23. c4 Rb3 24. Bd2 d3 25. Rc3 Rxc3 26. Bxc3 e5 27. Kf1
Rxc4 28. f3 f5 29. Rd1 e4 30. fxe4 fxe4 31. Bxg7 Bxh2 32. Bh6 Bg3 33. Bd2 Ke6
34. Bc3 Kd5 35. Kg1 Rxc3 36. bxc3 Kc4 37. Kf1 e3 38. Rb1 e2+ 39. Kg1 d2 40.
Rb4+ Kxc3 0-1

[Event "26. Copenhagen Open  (Politiken Cup)"]
[Site "Taastrup"]
[Date "2004.07.27"]
[Round "5"]
[White "Werner, Gert"]
[Black "Vuilleumier, Alex"]
[Result "0-1"]
[WhiteElo "2085"]
[BlackElo "2259"]
[PlyCount "44"]
[EventDate "2004.07.24"]
[EventType "swiss"]
[EventRounds "10"]
[EventCountry "DEN"]
[SourceDate "2004.01.01"]

1. g3 d5 2. Bg2 Nf6 3. Nf3 Bf5 4. c4 c6 5. O-O e6 6. d4 Nbd7 7. cxd5 exd5 8.
Nc3 Bd6 9. Nh4 Be6 10. Bg5 h6 11. Bxf6 Nxf6 12. e4 dxe4 13. Nxe4 Nxe4 14. Bxe4
Be7 15. Nf5 Bf6 16. Qd2 g6 17. Ne3 Qxd4 18. Rfd1 Qxd2 19. Rxd2 Rd8 20. Rc2 Ke7
21. Rac1 Bxa2 22. b4 Bb3 0-1

[Event "26. Copenhagen Open  (Politiken Cup)"]
[Site "Taastrup"]
[Date "2004.07.27"]
[Round "5"]
[White "Willumsen, Niels Henrik"]
[Black "Schlecht, Daniel"]
[Result "0-1"]
[WhiteElo "2178"]
[BlackElo "2363"]
[PlyCount "46"]
[EventDate "2004.07.24"]
[EventType "swiss"]
[EventRounds "10"]
[EventCountry "DEN"]
[SourceDate "2004.01.01"]

1. e4 e6 2. d4 d5 3. Nc3 Nf6 4. e5 Nfd7 5. f4 c5 6. Nf3 Nc6 7. Be3 cxd4 8. Nxd4
Bc5 9. Qd2 O-O 10. O-O-O a6 11. h4 Nxd4 12. Bxd4 b5 13. h5 b4 14. Na4 Bxd4 15.
Qxd4 a5 16. h6 g6 17. Kb1 Ba6 18. c4 bxc3 19. Nxc3 Bxf1 20. Rhxf1 Rb8 21. Ne4
Rb4 22. Qa7 Rxe4 23. f5 gxf5 0-1

[Event "26. Copenhagen Open  (Politiken Cup)"]
[Site "Taastrup"]
[Date "2004.07.27"]
[Round "5"]
[White "Wilsbeck, Jan Borge"]
[Black "Forsmann, Henning"]
[Result "1-0"]
[WhiteElo "1973"]
[BlackElo "1641"]
[PlyCount "59"]
[EventDate "2004.07.24"]
[EventType "swiss"]
[EventRounds "10"]
[EventCountry "DEN"]
[SourceDate "2004.01.01"]

1. e4 c5 2. Nf3 Nc6 3. d4 cxd4 4. Nxd4 Nf6 5. Nc3 d6 6. Bg5 e6 7. Qd2 a6 8.
O-O-O h6 9. Be3 Qc7 10. f3 b5 11. Nxc6 Qxc6 12. Kb1 Bb7 13. Ne2 Rc8 14. Nd4 Qc7
15. Bd3 d5 16. e5 Nd7 17. f4 Nc5 18. g4 b4 19. Rhf1 Na4 20. f5 Qb8 21. fxe6
fxe6 22. Bg6+ Kd7 23. Rf7+ Be7 24. Qxb4 Nc5 25. Nf5 exf5 26. Bxc5 Rxc5 27.
Bxf5+ Kc6 28. Rxe7 Qa7 29. Qa4+ Kb6 30. Rd3 1-0

[Event "26. Copenhagen Open  (Politiken Cup)"]
[Site "Taastrup"]
[Date "2004.07.27"]
[Round "5"]
[White "Ziska, Andrias"]
[Black "Radovic, Slobodan"]
[Result "1/2-1/2"]
[WhiteElo "1804"]
[BlackElo "1382"]
[PlyCount "120"]
[EventDate "2004.07.24"]
[EventType "swiss"]
[EventRounds "10"]
[EventCountry "DEN"]
[SourceDate "2004.01.01"]

1. e4 c6 2. d4 d5 3. Nc3 dxe4 4. Nxe4 Bf5 5. Ng3 Bg6 6. Nf3 Nd7 7. h4 h6 8. h5
Bh7 9. Bd3 Bxd3 10. Qxd3 e6 11. Bd2 Ngf6 12. O-O-O Nd5 13. c4 Nb4 14. Bxb4 Bxb4
15. a3 Ba5 16. b4 Bc7 17. Ne4 a5 18. Kb2 axb4 19. axb4 O-O 20. Qb3 Nf6 21. Nc3
Qe7 22. g3 Rfb8 23. Rd2 b6 24. Ne5 Qe8 25. f4 Rb7 26. Kb1 Rba7 27. Ra2 Rxa2 28.
Nxa2 Ne4 29. Rh2 Ra7 30. Rg2 Qa8 31. Kb2 c5 32. d5 exd5 33. cxd5 Bxe5+ 34. fxe5
Rd7 35. e6 fxe6 36. dxe6 Re7 37. Re2 Ng5 38. Nc3 Qf3 39. bxc5 bxc5 40. Qc4 Qb7+
41. Kc2 Qb4 42. Qa2 Qg4 43. Qa8+ Kh7 44. Qd5 Qxh5 45. Qxc5 Qg6+ 46. Kd2 Rxe6
47. Rxe6 Qxe6 48. Qe3 Qxe3+ 49. Kxe3 h5 50. Ne2 Ne6 51. Kf3 g5 52. Ke4 Kg6 53.
Ke5 Nf8 54. Ng1 Nd7+ 55. Ke4 g4 56. Ne2 Kg5 57. Ke3 Ne5 58. Nd4 Kf6 59. Ne2 Ng6
60. Ke4 Ne5 1/2-1/2

[Event "26. Copenhagen Open  (Politiken Cup)"]
[Site "Taastrup"]
[Date "2004.07.27"]
[Round "5"]
[White "Zyde, Fadmal"]
[Black "Larsen, Knud"]
[Result "0-1"]
[WhiteElo "1522"]
[BlackElo "1965"]
[PlyCount "102"]
[EventDate "2004.07.24"]
[EventType "swiss"]
[EventRounds "10"]
[EventCountry "DEN"]
[SourceDate "2004.01.01"]

1. Nf3 d6 2. e4 e5 3. Nc3 g6 4. d4 exd4 5. Qxd4 Qf6 6. Nd5 Qxd4 7. Nxd4 Kd8 8.
Bg5+ Be7 9. Nxe7 Nxe7 10. Bc4 Ke8 11. O-O-O Bd7 12. Rhe1 Nbc6 13. Bf6 Rf8 14.
Nxc6 Nxc6 15. Bd5 Rb8 16. Bxc6 Bxc6 17. e5 d5 18. f4 Kd7 19. c4 Ke6 20. g4 dxc4
21. Rf1 Be4 22. Rd4 Bd3 23. f5+ gxf5 24. gxf5+ Bxf5 25. Rdf4 Bd3 26. R1f2 Rg8
27. Kd2 b5 28. h4 h5 29. Bg5 Bg6 30. Re2 Rb6 31. Kc3 Kd7 32. Rd2+ Kc8 33. Rfd4
Re8 34. Rd7 Rxe5 35. Bf4 Rc5 36. Be3 b4+ 37. Kd4 Rcc6 38. Ke5 Rb5+ 39. Kf4 c3
40. bxc3 bxc3 41. Rd8+ Kb7 42. R2d5 Rb4+ 43. Kg5 Rg4+ 44. Kh6 Bf5+ 45. Kxh5 Be6
46. Rb5+ Ka6 47. Rdb8 c2 48. R5b7 Rb6 49. Bxb6 cxb6 50. Rc7 Rc4 51. Rbc8 c1=Q
0-1

[Event "26. Copenhagen Open  (Politiken Cup)"]
[Site "Taastrup"]
[Date "2004.07.27"]
[Round "5"]
[White "Zyde, Furat"]
[Black "Laursen, Steen"]
[Result "0-1"]
[WhiteElo "1069"]
[BlackElo "1302"]
[PlyCount "102"]
[EventDate "2004.07.24"]
[EventType "swiss"]
[EventRounds "10"]
[EventCountry "DEN"]
[SourceDate "2004.01.01"]

1. d4 Nf6 2. Nc3 c6 3. Bf4 Nd5 4. Nxd5 cxd5 5. Nf3 Nc6 6. e3 g6 7. Bd3 Bg7 8.
Qd2 a5 9. a3 Qb6 10. Rb1 d6 11. Qc3 Bd7 12. O-O O-O 13. b4 a4 14. Rfe1 Rfd8 15.
Qb2 Rac8 16. Qa2 Be6 17. b5 Na5 18. Rec1 Nc4 19. Ng5 Bg4 20. Rb4 e5 21. dxe5
dxe5 22. Bxc4 dxc4 23. Rxc4 Rxc4 24. Qxc4 exf4 25. Qxf7+ Kh8 26. Qxf4 Be2 27.
Re1 Bf6 28. Nf7+ Kg8 29. Nxd8 Qxd8 30. h3 Bxb5 31. Rb1 Bc6 32. Re1 Bc3 33. Qc4+
Qd5 34. Qxd5+ Bxd5 35. Rd1 Bc6 36. f4 Bb2 37. Rd3 Be4 38. Rd8+ Kg7 39. Rd7+ Kh6
40. g4 g5 41. f5 Bxa3 42. Kf2 Bc6 43. Rd3 Bc5 44. Rc3 Be7 45. Rc4 a3 46. Rd4 a2
47. Rd1 Bf6 48. e4 Bxe4 49. Ke3 Bxc2 50. Rd2 Bb1 51. Rxa2 Bxa2 0-1

[Event "26. Copenhagen Open  (Politiken Cup)"]
[Site "Taastrup"]
[Date "2004.07.28"]
[Round "6"]
[White "Aandal, Kristian"]
[Black "Asbjornsson, Ingvar"]
[Result "1/2-1/2"]
[WhiteElo "1927"]
[BlackElo "1275"]
[PlyCount "99"]
[EventDate "2004.07.24"]
[EventType "swiss"]
[EventRounds "10"]
[EventCountry "DEN"]
[SourceDate "2004.01.01"]

1. e4 c5 2. Nf3 d6 3. Bb5+ Bd7 4. Bxd7+ Qxd7 5. O-O Nc6 6. c3 g6 7. d4 cxd4 8.
cxd4 Nf6 9. Re1 e5 10. d5 Ne7 11. Nc3 Bg7 12. Qd3 O-O 13. Be3 Ng4 14. Rac1 Nxe3
15. fxe3 Rac8 16. Qb5 Rfd8 17. Qxd7 Rxd7 18. Nb5 a6 19. Rxc8+ Nxc8 20. Rc1 Nb6
21. Na3 Kf8 22. Kf2 Ke7 23. Ke2 Kd8 24. Nd2 Rc7 25. Rxc7 Kxc7 26. b3 Nc8 27.
Nac4 b5 28. Na5 Ne7 29. Nf3 f6 30. g4 Kb6 31. b4 Kc7 32. h4 Kb6 33. h5 Kc7 34.
Nh4 g5 35. Nf5 Nxf5 36. exf5 h6 37. Kd3 Bf8 38. Nc6 Bg7 39. e4 Bf8 40. Kc3 Bg7
41. Kb3 Bf8 42. a4 Bg7 43. Ne7 Bf8 44. Nc6 Bg7 45. axb5 axb5 46. Na7 Kb6 47.
Nc8+ Kc7 48. Ne7 Bf8 49. Ng6 Bg7 50. Kc3 1/2-1/2

[Event "26. Copenhagen Open  (Politiken Cup)"]
[Site "Taastrup"]
[Date "2004.07.28"]
[Round "6"]
[White "Agustsson, Hafsteinn"]
[Black "Konstatinov, Maxim"]
[Result "1/2-1/2"]
[WhiteElo "1957"]
[BlackElo "1517"]
[PlyCount "51"]
[EventDate "2004.07.24"]
[EventType "swiss"]
[EventRounds "10"]
[EventCountry "DEN"]
[SourceDate "2004.01.01"]

1. e4 c5 2. Nf3 Nc6 3. d4 cxd4 4. Nxd4 Nf6 5. Nc3 d6 6. Bg5 e5 7. Bxf6 gxf6 8.
Ndb5 a6 9. Na3 b5 10. Nd5 Bg7 11. c3 f5 12. Bd3 Ne7 13. Bc2 f4 14. Qd2 Bb7 15.
Nxe7 Kxe7 16. O-O-O Rc8 17. Kb1 Qb6 18. f3 a5 19. Qd3 Ba6 20. Bb3 Rhf8 21. Qd2
Rc5 22. Rc1 Rfc8 23. Rhd1 Bh6 24. Nc2 R5c7 25. Qd5 Rf8 26. Qd2 1/2-1/2

[Event "26. Copenhagen Open  (Politiken Cup)"]
[Site "Taastrup"]
[Date "2004.07.28"]
[Round "6"]
[White "Andersen, Rune"]
[Black "Carlstedt, Jonathan"]
[Result "0-1"]
[WhiteElo "2042"]
[BlackElo "1774"]
[PlyCount "108"]
[EventDate "2004.07.24"]
[EventType "swiss"]
[EventRounds "10"]
[EventCountry "DEN"]
[SourceDate "2004.01.01"]

1. d4 Nf6 2. c4 c5 3. d5 d6 4. Nc3 g6 5. e4 Bg7 6. Nge2 O-O 7. Ng3 a6 8. Be2 e6
9. Bg5 h6 10. Be3 e5 11. f3 Nbd7 12. Qd2 Kh7 13. h4 Nb6 14. a4 Bd7 15. Bd3 Nc8
16. Nge2 Ne7 17. g4 h5 18. Ng3 Rh8 19. gxh5 Nxh5 20. Nxh5 gxh5 21. f4 Bg4 22.
f5 Bf6 23. Be2 Bxe2 24. Qxe2 Kg7 25. Bg5 Ng8 26. Kf2 Kf8 27. Qd2 Be7 28. Ke2
Ke8 29. Nd1 Nf6 30. Nf2 Kd7 31. b4 Qc7 32. Rab1 b6 33. Rhg1 Rac8 34. b5 a5 35.
Rb3 Rcg8 36. Rbg3 Qc8 37. Bh6 Rxg3 38. Rxg3 Rg8 39. Bg7 Ne8 40. Bxe5 Nf6 41.
Bf4 Qe8 42. Qe3 Ng4 43. Nxg4 Bxh4 44. Nh2 Bxg3 45. Bxg3 h4 46. Bf2 Rg2 47. Qf4
h3 48. Kf1 Qh8 49. f6 Qh5 50. Ke1 Qe5 51. Qxe5 dxe5 52. Nf3 h2 53. Nxh2 Rxh2
54. Bg3 Rc2 0-1

[Event "26. Copenhagen Open  (Politiken Cup)"]
[Site "Taastrup"]
[Date "2004.07.28"]
[Round "6"]
[White "Archangelsky, Mikhail"]
[Black "Bogdanov, Dimitri"]
[Result "1/2-1/2"]
[WhiteElo "2312"]
[BlackElo "2129"]
[PlyCount "34"]
[EventDate "2004.07.24"]
[EventType "swiss"]
[EventRounds "10"]
[EventCountry "DEN"]
[SourceDate "2004.01.01"]

1. d4 g6 2. e4 Bg7 3. Nf3 d6 4. Bc4 Nf6 5. Qe2 O-O 6. O-O Bg4 7. Nbd2 Nc6 8. c3
e5 9. h3 Bxf3 10. Nxf3 exd4 11. cxd4 d5 12. exd5 Nxd5 13. Bg5 Nxd4 14. Nxd4
Qxg5 15. Ne6 fxe6 16. Qxe6+ Kh8 17. Qxd5 Qxd5 1/2-1/2